Every Gold 86+ Rated Goalkeeper in FIFA Ultimate Team History - Statistics

General Stats
  • This quiz has been taken 631 times
    274 since last reset
  • The average score is 22 of 28
Answer Stats
Player Nationality # % Correct
Jan Oblak 9
99%
Manuel Neuer 14
99%
Thibaut Courtois 11
99%
Gianluigi Buffon 6
98%
Iker Casillas 4
98%
Marc-André ter Stegen 8
98%
Alisson 7
97%
Ederson 7
97%
Gianluigi Donnarumma 4
97%
Hugo Lloris 7
96%
Keylor Navas 5
96%
Yann Sommer 2
94%
Petr Čech 3
92%
Mike Maignan 3
91%
Wojciech Szczęsny 6
90%
David de Gea 7
89%
Emiliano Martínez 1
87%
Édouard Mendy 1
85%
Gregor Kobel 2
82%
Samir Handanović 6
82%
Unai Simón 1
73%
Júlio César 1
72%
Kevin Trapp 1
52%
Koen Casteels 1
52%
Bernd Leno 1
49%
Christiane Endler 2
29%
Mary Earps 2
27%
Sandra Paños 1
8%
No matching quizzes found
Score Distribution
Percent of People with Each Score
Percentile by Number Answered
Your Score History
You have not taken this quiz since the last reset